Welcome to the Holygrace Academy Library

Please use search bar below to get started

THE BLUE RIBBON PUPPIES (Record no. 7570)

MARC details
000 -LEADER
fixed length control field 00259nam a22001097a 4500
082 ## - DEWEY DECIMAL CLASSIFICATION NUMBER
Classification number 823
Item number JOH/B
100 ## - MAIN ENTRY--AUTHOR NAME
Personal name JOHNSON, CROCKETT
245 ## - TITLE STATEMENT
Title THE BLUE RIBBON PUPPIES
260 ## - PUBLICATION, DISTRIBUTION, ETC. (IMPRINT)
Place of publication NEW YORK
Name of publisher SCHOLASTIC INC
650 ## - SUBJECT ADDED ENTRY--TOPICAL TERM
Topical Term ENGLISH STORY
Geographic subdivision UNITED STATES
942 ## - ADDED ENTRY ELEMENTS (KOHA)
Koha item type Books
Holdings
Withdrawn status Lost status Collection code Home library Current library Date acquired Source of acquisition Full call number Accession Number Koha item type
Withdrawn Damaged Item Fiction Main Library Main Library 18/05/2005 purchase 823 JOH/B 00730 Books